000 00656cam a22002413a 4500
001 21076
003 PGUSA
005 20140828083440.0
008 070414s2007||||xxu|||||s|||||000 | eng d
040 _aPGUSA
_beng
042 _adc
050 4 _aQA
100 1 _aEuclid
245 1 4 _aThe First Six Books of the Elements of Euclid
_h[electronic resource] /
_cEuclid
260 _bProject Gutenberg,
_c2007
506 _aPublic domain in the USA.
516 _aElectronic text
653 _aEuclid's Elements
653 _aMathematics, Greek
830 0 _aProject Gutenberg
_v21076
856 4 0 _uhttp://www.gutenberg.org/ebooks/21076
942 _cEB
999 _c250331
_d250331